000 00588nam a2200229Ia 4500
003 OSt
005 20221005121442.0
006 a|||||r|||| 00| 0
007 ta
008 221004b |||||||| |||| 00| 0 eng d
024 _a65846
037 _cTextual
040 _aCRL
_cCRL
_beng
041 _2eng
_aeng
082 _aWxM20:6:9, G6
100 _aAsirvatham E.
_9630630
245 0 _aHerbert Spencor's theory of social justice
260 _c1936
650 _aPOLITICAL SCIENCE
942 _hWxM20:6:9, G6
_cTEXL
_2cc
999 _c1041195
_d1041195